[Event "Titled Tuesday intern op 01st Nov Late"]
[Site "Chess.com INT"]
[Date "2022.11.01"]
[Round "2"]
[White "Constantinou, Peter"]
[Black "Suder, Jakub"]
[Result "1-0"]
[WhiteElo "2254"]
[BlackElo "2244"]
[PlyCount "67"]
[EventDate "2022.11.01"]
[EventType "swiss (blitz)"]
[EventRounds "11"]
[EventCountry "USA"]
[SourceTitle "EXT 2024"]
[Source "ChessBase"]
[SourceDate "2023.10.10"]
[SourceVersion "1"]
[SourceVersionDate "2023.10.10"]
[SourceQuality "1"]

1. e4 c5 2. Nf3 e6 3. g3 Nc6 4. Bg2 Nf6 5. Qe2 Be7 6. 0-0 0-0 7. e5 Nd5 8. Nc3 Ndb4 9. d3 Nd4 10. Nxd4 cxd4 11. Ne4 Nc6 12. f4 f5 13. Nf2 b6 14. c4 Bb7 15. a3 a5 16. b3 g5 17. fxg5 Bxg5 18. Nh3 Bxc1 19. Raxc1 Kh8 20. Nf4 Rg8 21. Rb1 Qe7 22. b4 axb4 23. axb4 Ra3 24. Qf2 Ba8 25. b5 Nxe5 26. Qxd4 d6 27. Bxa8 Raxa8 28. Rbe1 Qf6 29. Kh1 Ra2 30. Nh5 Qh6 31. Rxe5 dxe5 32. Qxe5+ Rg7 33. g4 Raa7 34. Qb8+ 1-0

[Event "Titled Tuesday intern op 01st Nov Late"]
[Site "Chess.com INT"]
[Date "2022.11.01"]
[Round "3"]
[White "Kleiman, Jake"]
[Black "Constantinou, Peter"]
[Result "1-0"]
[WhiteElo "2399"]
[BlackElo "2254"]
[PlyCount "113"]
[EventDate "2022.11.01"]
[EventType "swiss (blitz)"]
[EventRounds "11"]
[EventCountry "USA"]
[SourceTitle "EXT 2024"]
[Source "ChessBase"]
[SourceDate "2023.10.10"]
[SourceVersion "1"]
[SourceVersionDate "2023.10.10"]
[SourceQuality "1"]

1. e4 c6 2. Nc3 d5 3. Nf3 dxe4 4. Nxe4 Nf6 5. Qe2 Nxe4 6. Qxe4 Nd7 7. Bc4 Nf6 8. Ne5 e6 9. Qe2 b5 10. Bb3 Qc7 11. d4 Bb7 12. 0-0 a6 13. a4 Bd6 14. Bg5 0-0 15. Rae1 Nd5 16. Qg4 Kh8 17. Bd2 c5 18. c3 f5 19. Qh4 Bxe5 20. Rxe5 c4 21. Bc2 Rae8 22. Rfe1 Qf7 23. Bd1 Nf6 24. f3 Bd5 25. Bc2 Nd7 26. R5e2 Rb8 27. axb5 axb5 28. Bf4 Ra8 29. Bb1 h6 30. Re3 Kg8 31. Qg3 Kh7 32. h4 Kh8 33. R3e2 Ra7 34. Bd6 Rfa8 35. Qf4 Ra1 36. Ba3 Nf6 37. Qe5 Qh5 38. Qg3 Kg8 39. Be7 Qf7 40. Bxf6 Qxf6 41. Kh2 Kh8 42. Re5 Rd8 43. Qf4 g5 44. hxg5 hxg5 45. Qg3 Kg7 46. Kg1 b4 47. Qf2 bxc3 48. bxc3 Rb8 49. Bc2 Rxe1+ 50. Qxe1 Rh8 51. Bxf5 Qh6 52. Bh3 Kf6 53. Qe3 Re8 54. Rxd5 exd5 55. Qxe8 Qxh3 56. Qe5+ Kg6 57. gxh3 1-0

[Event "CZE-chT1W 2223"]
[Site "Czech Republic"]
[Date "2022.10.09"]
[Round "1.1"]
[White "Ocelak, Jakub"]
[Black "Constantinou, Peter"]
[Result "1-0"]
[WhiteElo "2125"]
[BlackElo "2268"]
[PlyCount "134"]
[EventDate "2022.10.09"]
[EventType "team-tourn"]
[EventRounds "11"]
[EventCountry "CZE"]
[SourceTitle "CBM 210 Extra"]
[Source "ChessBase"]
[SourceDate "2022.11.30"]
[SourceVersion "1"]
[SourceVersionDate "2022.11.30"]
[SourceQuality "1"]
[WhiteTeam "Ricany Betsys II"]
[BlackTeam "Pankrac"]
[WhiteTeamCountry "CZE"]
[BlackTeamCountry "CZE"]

1. d4 Nf6 2. Nc3 d5 3. Bf4 a6 4. e3 Bf5 5. Nf3 e6 6. Ne5 Bd6 7. g4 Bxe5 8. dxe5 Nxg4 9. Rg1 Qh4 10. Bg3 Qe7 11. h3 Nh6 12. e4 dxe4 13. Bf4 Bg6 14. Qe2 Nc6 15. 0-0-0 Nf5 16. h4 Qxh4 17. Bg5 Qh2 18. Rg2 Qxe5 19. Qxe4 Qxe4 20. Nxe4 h6 21. Bd2 0-0-0 22. Nc5 Bh5 23. Re1 Rd5 24. Nd3 Rdd8 25. Bc3 Rhg8 26. f4 Bf3 27. Rf2 Bd5 28. b3 Ng3 29. Rh2 Nxf1 30. Rxf1 Be4 31. Nf2 Bf5 32. Nh1 Bg6 33. Ng3 Ne7 34. Rg1 b6 35. a4 a5 36. Be5 Rd5 37. Nf1 Nf5 38. Nd2 Nd4 39. Rhg2 Nf5 40. Rh2 Rd7 41. Nc4 Ne7 42. Rhg2 Kd8 43. Bc3 Nc6 44. Ne3 Nb4 45. Nc4 Nc6 46. Ne3 Ke8 47. Nc4 Kf8 48. Kb2 h5 49. Ne3 Rh8 50. Rh2 Ne7 51. Nc4 f6 52. b4 axb4 53. Bxb4 Kf7 54. Rhg2 Rh6 55. Bxe7 Rxe7 56. Ne3 Rd7 57. Kc3 Rd8 58. f5 exf5 59. Nxf5 Rdh8 60. Nh4 R8h7 61. Nxg6 h4 62. Nf4 h3 63. Rd2 g5 64. Rd7+ Ke8 65. Rxh7 Rxh7 66. Nd5 Kf7 67. Ne3 Kg6 1-0

[Event "Titled Tuesday intern op 23rd Aug Late"]
[Site "Chess.com INT"]
[Date "2022.08.23"]
[Round "6"]
[White "Constantinou, Peter"]
[Black "Curtis, John"]
[Result "1/2-1/2"]
[WhiteElo "2268"]
[BlackElo "2292"]
[PlyCount "153"]
[EventDate "2022.08.23"]
[EventType "swiss (blitz)"]
[EventRounds "11"]
[EventCountry "USA"]
[SourceTitle "EXT 2023"]
[Source "ChessBase"]
[SourceDate "2022.10.05"]
[SourceVersion "1"]
[SourceVersionDate "2022.10.05"]
[SourceQuality "1"]

1. e4 c5 2. Nf3 d6 3. Bb5+ Nd7 4. 0-0 Ngf6 5. Re1 e6 6. c3 a6 7. Bf1 b5 8. d4 Bb7 9. d5 exd5 10. exd5+ Be7 11. c4 bxc4 12. Bxc4 0-0 13. Nc3 Re8 14. Bf4 Bf8 15. Qc2 Nb6 16. Bd3 Rxe1+ 17. Rxe1 Nbxd5 18. Bg5 Nb4 19. Bxh7+ Nxh7 20. Qf5 Qc8 21. Qf4 Bxf3 22. gxf3 Nxg5 23. Qxg5 Nd3 24. Re4 Ne5 25. Kg2 Qc6 26. Qh5 g6 27. Qg5 Bg7 28. h4 f5 29. Rf4 Kf7 30. h5 d5 31. hxg6+ Qxg6 32. Rxf5+ Kg8 33. Nxd5 Qxg5+ 34. Rxg5 Kf7 35. f4 Nd3 36. b3 Bd4 37. Kf3 Rf8 38. Nc7 Ke7 39. f5 Nxf2 40. Nxa6 Nd3 41. Ke4 Re8 42. Kxd3 Ra8 43. Nc7 Rxa2 44. Nd5+ Kd6 45. f6 Rf2 46. b4 Bxf6 47. bxc5+ Ke6 48. Rh5 Be5 49. c6 Kxd5 50. c7 Rf8 51. Kd2 Rc8 52. Kd3 Rxc7 53. Rh1 Rc3+ 54. Kd2 Ra3 55. Rb1 Kc4 56. Rc1+ Kd4 57. Rb1 Ra2+ 58. Kd1 Kd3 59. Rb3+ Bc3 60. Kc1 Ra1+ 61. Rb1 Ra2 62. Rb8 Rf2 63. Rd8+ Bd4 64. Kb1 Kc4 65. Rd7 Rf1+ 66. Kc2 Rf2+ 67. Kb1 Kb3 68. Kc1 Bc3 69. Rb7+ Bb4 70. Rd7 Re2 71. Rd8 Rc2+ 72. Kd1 Rh2 73. Kc1 Rh1+ 74. Rd1 Rh2 75. Rd8 Bc3 76. Rb8+ Bb4 77. Rd8 1/2-1/2

[Event "Titled Tuesday intern op 31st May Late"]
[Site "Chess.com INT"]
[Date "2022.05.31"]
[Round "1"]
[White "Constantinou, Peter"]
[Black "Hess, Robert L"]
[Result "0-1"]
[WhiteElo "2268"]
[BlackElo "2591"]
[PlyCount "42"]
[EventDate "2022.05.31"]
[EventType "swiss (blitz)"]
[EventRounds "11"]
[EventCountry "USA"]
[SourceTitle "CBM 208 Extra"]
[Source "ChessBase"]
[SourceDate "2022.07.31"]
[SourceVersion "1"]
[SourceVersionDate "2022.07.31"]
[SourceQuality "1"]

1. e4 g6 2. d4 Bg7 3. c4 d6 4. Nc3 c5 5. d5 Bxc3+ 6. bxc3 Nf6 7. Qc2 Qa5 8. Bd3 Nbd7 9. f4 Nb6 10. Nf3 Bd7 11. 0-0 Ba4 12. Qd2 0-0-0 13. e5 Nfd7 14. Qe3 Qxc3 15. Bd2 Nxc4 16. Bxc3 Nxe3 17. Rfe1 Nxd5 18. Bb2 Nxf4 19. exd6 Nxd3 20. Bxh8 Nxe1 21. Rxe1 Rxh8 0-1

[Event "Titled Tuesday intern op 31st May Late"]
[Site "Chess.com INT"]
[Date "2022.05.31"]
[Round "2"]
[White "Domingo Nunez, Ruben"]
[Black "Constantinou, Peter"]
[Result "0-1"]
[WhiteElo "2382"]
[BlackElo "2268"]
[PlyCount "70"]
[EventDate "2022.05.31"]
[EventType "swiss (blitz)"]
[EventRounds "11"]
[EventCountry "USA"]
[SourceTitle "CBM 208 Extra"]
[Source "ChessBase"]
[SourceDate "2022.07.31"]
[SourceVersion "1"]
[SourceVersionDate "2022.07.31"]
[SourceQuality "1"]

1. Nf3 d5 2. c4 e6 3. b3 d4 4. Bb2 Nc6 5. e3 Bc5 6. a3 a5 7. Bd3 Nf6 8. 0-0 0-0 9. h3 e5 10. Ng5 h6 11. Ne4 Nxe4 12. Bxe4 Be6 13. Qf3 Qd7 14. d3 Rad8 15. Nd2 f5 16. Bxc6 bxc6 17. b4 axb4 18. Nb3 Be7 19. exd4 e4 20. Qe3 f4 21. Qxe4 f3 22. Rfe1 Rf6 23. d5 cxd5 24. cxd5 Qxd5 25. Qxd5 Rxd5 26. Bxf6 Bxf6 27. Rad1 Bd7 28. axb4 Ba4 29. Rb1 fxg2 30. Kxg2 Rxd3 31. Nc5 Bc6+ 32. Kf1 Rxh3 33. b5 Bf3 34. Re8+ Kf7 35. Ke1 Bc3+ 0-1

[Event "Titled Tuesday intern op 31st May Late"]
[Site "Chess.com INT"]
[Date "2022.05.31"]
[Round "3"]
[White "Prado Lobo, Jonas"]
[Black "Constantinou, Peter"]
[Result "1-0"]
[WhiteElo "2285"]
[BlackElo "2268"]
[PlyCount "49"]
[EventDate "2022.05.31"]
[EventType "swiss (blitz)"]
[EventRounds "11"]
[EventCountry "USA"]
[SourceTitle "CBM 208 Extra"]
[Source "ChessBase"]
[SourceDate "2022.07.31"]
[SourceVersion "1"]
[SourceVersionDate "2022.07.31"]
[SourceQuality "1"]

1. Nf3 d5 2. b3 Bg4 3. Bb2 Bxf3 4. gxf3 Nf6 5. f4 e6 6. e3 g6 7. d3 Bg7 8. Nd2 0-0 9. Be2 c5 10. h4 h5 11. Rg1 Nc6 12. Nf3 Ne8 13. d4 cxd4 14. exd4 Qf6 15. Qd2 Nd6 16. Ne5 Ne4 17. Qe3 Qxh4 18. Bd3 Nb4 19. Bxe4 dxe4 20. Qxe4 Rac8 21. c3 Nd5 22. Nxg6 fxg6 23. Qxe6+ Kh8 24. Qxd5 Rce8+ 25. Kf1 1-0

[Event "Titled Tuesday intern op 10th May Late"]
[Site "Chess.com INT"]
[Date "2022.05.10"]
[Round "1"]
[White "Constantinou, Peter"]
[Black "Rorrer, Grayson"]
[Result "0-1"]
[WhiteElo "2268"]
[BlackElo "2204"]
[PlyCount "70"]
[EventDate "2022.05.10"]
[EventType "swiss (blitz)"]
[EventRounds "11"]
[EventCountry "USA"]
[SourceTitle "CBM 208 Extra"]
[Source "ChessBase"]
[SourceDate "2022.07.31"]
[SourceVersion "1"]
[SourceVersionDate "2022.07.31"]
[SourceQuality "1"]

1. b3 e5 2. Bb2 Nc6 3. c4 Nge7 4. e3 d5 5. cxd5 Nxd5 6. a3 Bd6 7. Qc2 Qe7 8. Nc3 Nxc3 9. Bxc3 0-0 10. b4 a6 11. Bd3 f5 12. Nf3 Kh8 13. e4 f4 14. h3 Bd7 15. Be2 Rae8 16. d3 Rc8 17. 0-0 g5 18. d4 exd4 19. Nxd4 Be5 20. Nf3 Bg7 21. Rfe1 h6 22. Rad1 Be6 23. Bxg7+ Qxg7 24. Bxa6 g4 25. hxg4 Bxg4 26. Be2 Rg8 27. Rc1 Bh3 28. Qc3 Bxg2 29. Qxg7+ Rxg7 30. Kh2 Bxf3 31. Bxf3 Nd4 32. Bh5 Rg5 33. Bd1 Rcg8 34. Rxc7 f3 35. Rd7 Rh5# 0-1

[Event "Titled Tuesday intern op 19th Apr Early"]
[Site "Chess.com INT"]
[Date "2022.04.19"]
[Round "11"]
[White "Constantinou, Peter"]
[Black "Jaferian, Koosha"]
[Result "0-1"]
[WhiteElo "2268"]
[BlackElo "2218"]
[PlyCount "92"]
[EventDate "2022.04.19"]
[EventType "swiss (blitz)"]
[EventRounds "11"]
[EventCountry "USA"]
[SourceTitle "EXT 2023"]
[Source "ChessBase"]
[SourceDate "2022.10.05"]
[SourceVersion "1"]
[SourceVersionDate "2022.10.05"]
[SourceQuality "1"]

1. b3 d5 2. Bb2 Bf5 3. d3 Nf6 4. g3 e6 5. Bg2 h6 6. Nd2 Bh7 7. e4 c6 8. Nh3 a5 9. a3 Nbd7 10. 0-0 Be7 11. Qe2 0-0 12. f4 dxe4 13. dxe4 Qb6+ 14. Kh1 a4 15. e5 Nd5 16. b4 Ne3 17. Nc4 Qb5 18. Qxe3 Qxc4 19. Rac1 Rfd8 20. Nf2 Nf8 21. Be4 Bxe4+ 22. Qxe4 Qa6 23. Nd3 Rd7 24. f5 Bg5 25. Rce1 exf5 26. Qxf5 Ne6 27. h4 Bd8 28. Rf3 Qc4 29. Re2 Bb6 30. Qe4 Qxe4 31. Rxe4 Rad8 32. Kg2 Bd4 33. Bxd4 Nxd4 34. Rf2 Nxc2 35. Rxc2 Rxd3 36. e6 fxe6 37. Rxe6 Rxa3 38. Re7 Rdd3 39. Rxb7 Rxg3+ 40. Kf2 Raf3+ 41. Ke2 Rg2+ 42. Kxf3 Rxc2 43. Ra7 Rc3+ 44. Ke2 a3 45. Kd2 Rh3 46. Rxa3 Rxa3 0-1

[Event "Titled Tuesday intern op 19th Apr Late"]
[Site "Chess.com INT"]
[Date "2022.04.19"]
[Round "5"]
[White "Constantinou, Peter"]
[Black "Potapova, Margarita"]
[Result "0-1"]
[WhiteElo "2268"]
[BlackElo "2249"]
[PlyCount "98"]
[EventDate "2022.04.19"]
[EventType "swiss (blitz)"]
[EventRounds "11"]
[EventCountry "USA"]
[SourceTitle "EXT 2023"]
[Source "ChessBase"]
[SourceDate "2022.10.05"]
[SourceVersion "1"]
[SourceVersionDate "2022.10.05"]
[SourceQuality "1"]

1. e4 c5 2. Nf3 d6 3. Bb5+ Bd7 4. Bxd7+ Qxd7 5. c4 Nc6 6. Nc3 g6 7. 0-0 Bg7 8. d3 Nf6 9. Rb1 0-0 10. a3 Ne8 11. Be3 Rc8 12. Qd2 Nc7 13. d4 cxd4 14. Nxd4 Ne6 15. Nxe6 Qxe6 16. b3 Rfd8 17. Rfc1 Bxc3 18. Qxc3 Qxe4 19. Re1 Qe5 20. Qd3 Qf5 21. Qc3 Qe5 22. Qd3 Qf5 23. Qc3 a6 24. Rbd1 e5 25. Bb6 Rd7 26. Rd2 Qe6 27. Red1 Ne7 28. Qf3 d5 29. h4 Qxb6 30. cxd5 Nf5 31. h5 Nd4 32. Qg4 Rcd8 33. h6 Qf6 34. Rd3 Qf5 35. Qh4 Qh5 36. Qf6 Qxh6 37. Qxe5 Nf5 38. d6 Qg7 39. Qf4 h5 40. f3 Qh6 41. Qe5 h4 42. Rd5 Qe3+ 43. Kh2 Qxe5+ 44. Rxe5 Rxd6 45. Rc1 Rc6 46. Rce1 Kg7 47. b4 Rd2 48. b5 Rcc2 49. Rg1 a5 0-1

[Event "Titled Tuesday intern op 19th Apr Early"]
[Site "Chess.com INT"]
[Date "2022.04.19"]
[Round "2"]
[White "Starosta, Martyna"]
[Black "Constantinou, Peter"]
[Result "1-0"]
[WhiteElo "1918"]
[BlackElo "2268"]
[PlyCount "45"]
[EventDate "2022.04.19"]
[EventType "swiss (blitz)"]
[EventRounds "11"]
[EventCountry "USA"]
[SourceTitle "EXT 2023"]
[Source "ChessBase"]
[SourceDate "2022.10.05"]
[SourceVersion "1"]
[SourceVersionDate "2022.10.05"]
[SourceQuality "1"]

1. e4 c5 2. Nf3 e6 3. d4 cxd4 4. Nxd4 Nf6 5. Nc3 Nc6 6. a3 Be7 7. Be3 d6 8. Be2 0-0 9. 0-0 a6 10. f4 e5 11. Nxc6 bxc6 12. fxe5 dxe5 13. Qe1 Ng4 14. Rd1 Qc7 15. Bc1 Bc5+ 16. Kh1 Ne3 17. Bxe3 Bxe3 18. Bc4 Bd4 19. Qg3 Kh8 20. Rxd4 f5 21. exf5 Bxf5 22. Rd2 Bxc2 23. Rxc2 1-0

[Event "Titled Tuesday intern op 12th Apr Late"]
[Site "Chess.com INT"]
[Date "2022.04.12"]
[Round "1"]
[White "Constantinou, Peter"]
[Black "Kamsky, Gata"]
[Result "0-1"]
[WhiteElo "2268"]
[BlackElo "2661"]
[PlyCount "58"]
[EventDate "2022.04.12"]
[EventType "swiss (blitz)"]
[EventRounds "11"]
[EventCountry "USA"]
[SourceTitle "CBM 207 Extra"]
[Source "ChessBase"]
[SourceDate "2022.05.31"]
[SourceVersion "1"]
[SourceVersionDate "2022.05.31"]
[SourceQuality "1"]

1. b3 d5 2. Bb2 Bf5 3. d3 e6 4. Nf3 Nf6 5. Nh4 Bg6 6. Nxg6 hxg6 7. g3 a5 8. a3 a4 9. b4 c5 10. bxc5 Bxc5 11. e3 Nbd7 12. Nd2 Qa5 13. Bg2 b5 14. 0-0 0-0 15. c4 b4 16. cxd5 exd5 17. axb4 Bxb4 18. Nf3 a3 19. Bd4 Bc3 20. Ra2 Rfb8 21. Bxc3 Qxc3 22. Qd2 Qxd2 23. Nxd2 Rb2 24. Rfa1 Rc8 25. Nf3 Rxa2 26. Rxa2 Rc3 27. Kf1 Nc5 28. Ke2 Nxd3 29. Kd2 Ne4+ 0-1

[Event "Titled Tuesday intern op 12th Apr Late"]
[Site "Chess.com INT"]
[Date "2022.04.12"]
[Round "2"]
[White "Marin Masis, Jose Esteban"]
[Black "Constantinou, Peter"]
[Result "0-1"]
[WhiteElo "1938"]
[BlackElo "2268"]
[PlyCount "118"]
[EventDate "2022.04.12"]
[EventType "swiss (blitz)"]
[EventRounds "11"]
[EventCountry "USA"]
[SourceTitle "CBM 207 Extra"]
[Source "ChessBase"]
[SourceDate "2022.05.31"]
[SourceVersion "1"]
[SourceVersionDate "2022.05.31"]
[SourceQuality "1"]

1. e4 c5 2. Nf3 e6 3. d4 cxd4 4. Nxd4 Nf6 5. Nc3 Nc6 6. Nxc6 bxc6 7. Bc4 d5 8. exd5 cxd5 9. Bb5+ Bd7 10. 0-0 Be7 11. Bf4 0-0 12. Re1 a6 13. Bd3 Re8 14. Be5 Qb6 15. Bd4 Qc7 16. Be5 Qb7 17. Rb1 Rad8 18. Re3 d4 19. Bxd4 Bc6 20. Rg3 Rxd4 21. Bxh7+ Nxh7 22. Qxd4 Bf6 23. Qd2 Rd8 24. Qe1 Ng5 25. h4 Ne4 26. Nxe4 Bxe4 27. Qe2 Bf5 28. h5 Kf8 29. h6 gxh6 30. Qe3 Bg5 31. Qa3+ Qe7 32. Qxa6 Bxc2 33. Rc1 Bg6 34. Rc8 Kg7 35. Qc4 Rd1+ 36. Kh2 Qf6 37. Qc3 Bf4 38. Rg8+ Kxg8 39. Qxf6 Bxg3+ 40. fxg3 Rd2 41. a4 Be4 42. Qxh6 Rxg2+ 43. Kh3 Rxb2 44. Qg5+ Bg6 45. Qd8+ Kh7 46. Qh4+ Kg8 47. Qd8+ Kh7 48. Qd4 Bf5+ 49. Kh4 Re2 50. Kg5 Re4 51. Qd8 Kg7 52. Qf6+ Kg8 53. Qd8+ Kg7 54. Qf6+ Kf8 55. Qh8+ Ke7 56. a5 Rg4+ 57. Kh6 Rxg3 58. Qa1 f6 59. Kh5 Rh3# 0-1

[Event "Titled Tuesday intern op 05th Apr Late"]
[Site "Chess.com INT"]
[Date "2022.04.05"]
[Round "10"]
[White "Mikhailov, Viacheslav"]
[Black "Constantinou, Peter"]
[Result "1-0"]
[WhiteElo "2428"]
[BlackElo "2268"]
[PlyCount "95"]
[EventDate "2022.04.05"]
[EventType "swiss (blitz)"]
[EventRounds "11"]
[EventCountry "USA"]
[SourceTitle "CBM 207 Extra"]
[Source "ChessBase"]
[SourceDate "2022.05.31"]
[SourceVersion "1"]
[SourceVersionDate "2022.05.31"]
[SourceQuality "1"]

1. Nf3 d5 2. g3 c5 3. Bg2 Nc6 4. d4 Nf6 5. 0-0 e6 6. c4 dxc4 7. dxc5 Qxd1 8. Rxd1 Bxc5 9. Nbd2 c3 10. bxc3 0-0 11. Nb3 Be7 12. Rb1 e5 13. Be3 Bf5 14. Ra1 Rac8 15. Bc5 Bxc5 16. Nxc5 b6 17. Nb7 Rc7 18. Nd6 Bg4 19. Nb5 Rcc8 20. h3 Bxf3 21. Bxf3 e4 22. Bg2 Ne5 23. Nxa7 Rxc3 24. Nb5 Rc2 25. Nd4 Rb2 26. Rdb1 Rxb1+ 27. Rxb1 Ra8 28. Rxb6 h5 29. Rb2 Ra3 30. Nf5 g6 31. Ne3 Kg7 32. Rc2 Ra4 33. Nf1 Nc4 34. Nd2 Nxd2 35. Rxd2 h4 36. gxh4 e3 37. fxe3 Rxh4 38. Rd4 Rh5 39. a4 Ra5 40. Bc6 Ng8 41. Bb5 Ne7 42. e4 Kf6 43. Rd7 Ke6 44. Kf2 Ng8 45. Rb7 Nf6 46. Ke3 Ke5 47. Rxf7 g5 48. Rg7 1-0

[Event "Titled Tuesday intern op 15 Mar Late"]
[Site "Chess.com INT"]
[Date "2022.03.15"]
[Round "6"]
[White "Constantinou, Peter"]
[Black "Hess, Max"]
[Result "1-0"]
[WhiteElo "2268"]
[BlackElo "2392"]
[PlyCount "109"]
[EventDate "2022.03.15"]
[EventType "swiss (blitz)"]
[EventRounds "11"]
[EventCountry "USA"]
[SourceTitle "CBM 207 Extra"]
[Source "ChessBase"]
[SourceDate "2022.05.31"]
[SourceVersion "1"]
[SourceVersionDate "2022.05.31"]
[SourceQuality "1"]

1. e4 c6 2. Nf3 d5 3. Nc3 dxe4 4. Nxe4 Nf6 5. Qe2 Nxe4 6. Qxe4 Nd7 7. Bc4 Nf6 8. Ne5 e6 9. Qe2 b5 10. Bb3 Qc7 11. d4 Bd6 12. 0-0 0-0 13. c3 a5 14. Bf4 c5 15. dxc5 Qxc5 16. Qf3 Rb8 17. Ng4 Nxg4 18. Qxg4 Bxf4 19. Qxf4 Bb7 20. Rad1 Rfd8 21. a3 h6 22. h4 Qc6 23. Qg3 Qb6 24. h5 Rxd1 25. Rxd1 Rd8 26. Qf4 Rxd1+ 27. Bxd1 Qd8 28. Be2 Qd7 29. b4 axb4 30. axb4 f5 31. Qe5 Bd5 32. Kh2 Kf7 33. Bd3 Qc6 34. f3 Qd7 35. g4 fxg4 36. Bg6+ Kg8 37. fxg4 Bc6 38. Kg3 Kf8 39. Qc5+ Kg8 40. Qe5 Kf8 41. Qf4+ Ke7 42. Kf2 Qa7+ 43. Ke2 Qa2+ 44. Ke3 Qb2 45. Qf7+ Kd6 46. Qf8+ Kc7 47. Qxg7+ Kc8 48. Qf8+ Kb7 49. Qc5 Qc1+ 50. Ke2 Qc2+ 51. Ke3 Qc1+ 52. Ke2 Qb2+ 53. Kd3 Qb1+ 54. Kd4 Qg1+ 55. Ke5 1-0

[Event "Titled Tuesday intern op 15 Mar Late"]
[Site "Chess.com INT"]
[Date "2022.03.15"]
[Round "1"]
[White "Constantinou, Peter"]
[Black "Jaferian, Koosha"]
[Result "0-1"]
[WhiteElo "2268"]
[BlackElo "2227"]
[PlyCount "150"]
[EventDate "2022.03.15"]
[EventType "swiss (blitz)"]
[EventRounds "11"]
[EventCountry "USA"]
[SourceTitle "CBM 207 Extra"]
[Source "ChessBase"]
[SourceDate "2022.05.31"]
[SourceVersion "1"]
[SourceVersionDate "2022.05.31"]
[SourceQuality "1"]

1. e4 c6 2. Nc3 d5 3. Nf3 Bg4 4. h3 Bxf3 5. Qxf3 e6 6. Be2 Bc5 7. 0-0 Nd7 8. Rd1 Ne7 9. d4 Bd6 10. Bg5 0-0 11. Bd3 h6 12. Bh4 Qe8 13. Re1 Ng6 14. Bg3 Bxg3 15. Qxg3 dxe4 16. Nxe4 Ne7 17. c4 Nf5 18. Qf4 Qd8 19. Nc3 Qf6 20. Bxf5 exf5 21. Rad1 Nb6 22. b3 Rad8 23. Qe5 Qg6 24. Re3 Kh7 25. Rg3 Nd7 26. Qc7 Qf6 27. Qxb7 Rfe8 28. Rf3 Nf8 29. Qxa7 Ne6 30. d5 Ng5 31. Rfd3 f4 32. Qd4 Qg6 33. Kf1 f3 34. g3 Nxh3 35. Qh4 Ng5 36. d6 c5 37. d7 Re7 38. Nd5 Rexd7 39. a4 Rd6 40. Qf4 Ne6 41. Qe5 Nd4 42. Re1 Qg4 43. Qe4+ Qxe4 44. Rxe4 f5 45. Rexd4 cxd4 46. Rxd4 Re6 47. a5 Rde8 48. Rd1 Re2 49. b4 Ra2 50. Ne3 g6 51. c5 g5 52. c6 f4 53. gxf4 gxf4 54. Rd7+ Kg6 55. Rd6+ Kg5 56. Rd5+ Kg6 57. Nd1 Ree2 58. c7 Rec2 59. Rd7 Rd2 60. Rxd2 Rxd2 61. Nc3 Rc2 62. Ke1 Rxc3 63. b5 Rxc7 64. b6 Rb7 65. Kd2 h5 66. Kc3 h4 67. Kb4 h3 68. Kb5 h2 69. Kc6 Rf7 70. b7 Rxb7 71. Kxb7 h1Q 72. a6 Qb1+ 73. Kc7 Qc2+ 74. Kb7 Qxf2 75. Kc7 Qc5+ 0-1

[Event "Titled Tuesday intern op 15 Mar Late"]
[Site "Chess.com INT"]
[Date "2022.03.15"]
[Round "5"]
[White "Vusatiuk, Vladimir"]
[Black "Constantinou, Peter"]
[Result "0-1"]
[WhiteElo "2308"]
[BlackElo "2268"]
[PlyCount "112"]
[EventDate "2022.03.15"]
[EventType "swiss (blitz)"]
[EventRounds "11"]
[EventCountry "USA"]
[SourceTitle "CBM 207 Extra"]
[Source "ChessBase"]
[SourceDate "2022.05.31"]
[SourceVersion "1"]
[SourceVersionDate "2022.05.31"]
[SourceQuality "1"]

1. Nf3 Nf6 2. h4 b6 3. h5 Bb7 4. d3 d5 5. h6 g6 6. Bf4 Nbd7 7. Nbd2 e6 8. c3 Bd6 9. Bxd6 cxd6 10. g3 e5 11. Bg2 Qe7 12. Qa4 0-0 13. Qh4 e4 14. Nd4 Ne5 15. dxe4 dxe4 16. Nxe4 Bxe4 17. Bxe4 Rae8 18. 0-0-0 Nxe4 19. Qxe4 Nc4 20. Qxe7 Rxe7 21. e3 a6 22. Nf3 Rd8 23. Rd5 f6 24. Rhd1 Red7 25. Nd4 Kf7 26. b3 Ne5 27. f4 Ng4 28. Nc6 Rc8 29. Rxd6 Rxd6 30. Rxd6 Nxh6 31. Kb2 Nf5 32. Rd7+ Ke8 33. Nb8 Rxb8 34. Rxh7 Rd8 35. e4 Nxg3 36. Rg7 Nxe4 37. Rxg6 Ke7 38. Rg7+ Ke6 39. Rb7 Rd6 40. c4 Kf5 41. a4 a5 42. b4 axb4 43. Kb3 Kxf4 44. Kxb4 Ke5 45. Kb5 f5 46. Rxb6 f4 47. a5 f3 48. a6 f2 49. a7 f1Q 50. a8Q Qb1+ 51. Ka4 Qa1+ 52. Kb5 Qxa8 53. c5 Nc3+ 54. Kc4 Rxb6 55. cxb6 Qb7 56. Kxc3 Qxb6 0-1

[Event "CZE-chT2C 1516"]
[Site "Czech Republic"]
[Date "2016.04.03"]
[Round "10.1"]
[White "Zvara, Petr"]
[Black "Constantinou, Peter"]
[Result "1-0"]
[WhiteElo "2379"]
[BlackElo "2288"]
[PlyCount "95"]
[EventDate "2015.10.18"]
[EventType "team-tourn"]
[EventRounds "11"]
[EventCountry "CZE"]
[SourceTitle "EXT 2022"]
[Source "ChessBase"]
[SourceDate "2021.10.06"]
[SourceVersion "1"]
[SourceVersionDate "2021.10.06"]
[SourceQuality "1"]
[WhiteTeam "Praha Bohemians"]
[BlackTeam "Pankrac II"]
[WhiteTeamCountry "CZE"]
[BlackTeamCountry "CZE"]

1. e4 d5 2. exd5 Qxd5 3. Nc3 Qd8 4. Bc4 Nf6 5. d4 e6 6. Nf3 a6 7. a4 Be7 8. 0-0 0-0 9. Bg5 c5 10. dxc5 Qxd1 11. Rfxd1 Bxc5 12. Ne5 h6 13. Bh4 g5 14. Bg3 Nh5 15. Ne4 Ba7 16. Nd6 Nxg3 17. hxg3 Kg7 18. Ra3 Bc5 19. Rb3 Bxd6 20. Rxd6 Kf6 21. f4 Ke7 22. Rd2 Ra7 23. Be2 Nd7 24. Bf3 Nxe5 25. fxe5 Bd7 26. a5 Rc8 27. Rxb7 Rxb7 28. Bxb7 Rb8 29. Bxa6 Rxb2 30. Bc4 Bb5 31. Bb3 Rb1+ 32. Kf2 Ra1 33. c4 Ba6 34. Ba2 Rc1 35. Ke3 Bxc4 36. Bxc4 Rxc4 37. Ra2 Rc7 38. a6 Ra7 39. Kd4 Kd7 40. Kc5 Kc7 41. Kb5 Kb8 42. Rd2 Kc7 43. Rc2+ Kb8 44. Kb6 Rd7 45. g4 Rd8 46. Rc7 Rf8 47. Re7 Ka8 48. a7 1-0

[Event "CZE-chT1W 1516"]
[Site "Czech Republic"]
[Date "2016.02.28"]
[Round "9.5"]
[White "Volak, Michal"]
[Black "Constantinou, Peter"]
[Result "1-0"]
[WhiteElo "2182"]
[BlackElo "2280"]
[PlyCount "73"]
[EventDate "2015.10.11"]
[EventType "team-tourn"]
[EventRounds "11"]
[EventCountry "CZE"]
[SourceTitle "EXT 2017"]
[Source "ChessBase"]
[SourceDate "2016.10.25"]
[SourceVersion "1"]
[SourceVersionDate "2016.10.25"]
[SourceQuality "1"]
[WhiteTeam "Vlasim"]
[BlackTeam "Praha Pankrac"]
[WhiteTeamCountry "CZE"]
[BlackTeamCountry "CZE"]

1. d4 g6 2. c4 Bg7 3. Nc3 d6 4. Nf3 Nd7 5. e4 e5 6. Be2 Ne7 7. Be3 h6 8. Qd2 f5 9. dxe5 dxe5 10. g3 fxe4 11. Nxe4 Nf5 12. 0-0-0 Nxe3 13. fxe3 0-0 14. Qd5+ Kh8 15. Nh4 Qe8 16. Rhf1 g5 17. Rxf8+ Nxf8 18. Nf3 Bf5 19. Nf2 Bh7 20. h4 gxh4 21. Nxh4 Qa4 22. Bd3 e4 23. Bb1 Qb4 24. Rd2 c6 25. Qf7 Bg8 26. Ng6+ Nxg6 27. Qxg6 Qxc4+ 28. Bc2 Qxa2 29. Bxe4 Qc4+ 30. Bc2 Qb4 31. Nd1 Qe7 32. Rh2 Qf7 33. Qd6 Re8 34. g4 Qe6 35. Qf4 Rf8 36. Qb4 b6 37. g5 1-0